Čínsko-japonský spor znervózňuje firmy
Sporný výklad dejín vyvolal napätie medzi ázijskými veľmocami - Čínou a Japonskom. Negatívny dopad na ekonomické vzťahy oboch krajín. Nepokoje v uliciach a zatváranie obchodov. Výrazný pokles tržieb jednotlivých spoločností. Japonsko trvá na ospravedlnení a kompenzácii za útoky na majetok svojich sp...
Gespeichert in:
| 1. Verfasser: | |
|---|---|
| Format: | Buchkapitel |
| Sprache: | Slowakisch |
| Schlagworte: | |
| Tags: |
Keine Tags, Fügen Sie das erste Tag hinzu!
|
MARC
| LEADER | 00000naa$a2200000$$$4500 | ||
|---|---|---|---|
| 001 | 0027983 | ||
| 005 | 20231004125853.0 | ||
| 041 | 0 | |a slo | |
| 044 | |a SK | ||
| 245 | 1 | 0 | |a Čínsko-japonský spor znervózňuje firmy |c Elena Molnárová |
| 520 | |a Sporný výklad dejín vyvolal napätie medzi ázijskými veľmocami - Čínou a Japonskom. Negatívny dopad na ekonomické vzťahy oboch krajín. Nepokoje v uliciach a zatváranie obchodov. Výrazný pokles tržieb jednotlivých spoločností. Japonsko trvá na ospravedlnení a kompenzácii za útoky na majetok svojich spoločností. | ||
| 610 | 2 | 0 | |a vzťahy medzinárodné |
| 610 | 2 | 0 | |a vzťahy ekonomické |
| 610 | 2 | 0 | |a obchod |
| 610 | 2 | 0 | |a tržby |
| 610 | 2 | 0 | |a firmy |
| 610 | 2 | 0 | |a ruch cestovný |
| 610 | 2 | 0 | |a doprava letecká |
| 610 | 2 | 0 | |a dejiny |
| 610 | 2 | 0 | |a Čína |
| 610 | 2 | 0 | |a Japonsko |
| 100 | 1 | |a Molnárová, Elena | |